000 00691nam a22002177a 4500
003 UA-OsUOA
001 88607
007 ta
008 20121009b un ||||| |||| 00| 0 ukr d
100 _aКомісарчик О.
090 _a330(477)
_bК63
942 _cSA
040 _aUA-OsUOA
_bukr
_cUA-OsUOA
_dUA-OsUOA
245 _aУроки кризи 2008-2009 років у сфері гарантування банківських вкладів і шляхи удосконалення у післякризовий період
300 _aС.76-87
955 _a0
041 _aukr
080 _a330(477)
773 0 _w88599
650 7 _a330 Економіка взагалі
_2UDC
999 _c374721
_d374721